Statistiche per Personaggi di fantasia - H -

Clicka qui per fare il quiz!

Statistiche generali

  • Questo quiz è stato fatto 1.124 volte
  • Il punteggio medio è 8 su 20

Statistiche sulle risposte

Risposta% Corretto
Hulk
99%
Homer Simpson
98%
Hermione Granger
97%
Harley Quinn
80%
Hannah Montana
74%
Hannibal Lecter
56%
Hercule Poirot
46%
Horus
41%
Horatio Caine
27%
He-Man
25%
Harry Callahan
24%
Hodor
24%
Huckleberry Finn
23%
Hal 9000
19%
Hans Gruber
17%
Holly Golightly
17%
Has Fidanken
10%
Happy Gilmore
9%
Hester Prynne
9%
Humbert Humbert
8%

Distribuzione punteggi

Percentile per numero di risposta

Percentuale di utenti per punteggio

I tuoi punteggi nel tempo

Non hai fatto questo quiz